| 000 | 00782nam a2200289 a 4500 | ||
|---|---|---|---|
| 003 | AR-BaBNM | ||
| 005 | 20251128202833.0 | ||
| 008 | 082120s2002 ||||||||||||||000 | spa|| | ||
| 040 | _cAR-BaBNM | ||
| 100 | 1 | _aHeguito de Berreta, Reneé | |
| 245 | 0 | 0 | _aLa religión y el pensamiento y el arte en Grecia |
| 250 | _a1ª ed. | ||
| 260 |
_aBuenos Aires _bKapelusz _c1972 |
||
| 300 | _a62 p. | ||
| 490 | 0 |
_aCuadernos de estudio. Historia universal _vv. 5 |
|
| 500 | _aSelección bibliográfica p. 62 | ||
| 650 | 4 | _aARTE | |
| 650 | 4 | _aHISTORIA ANTIGUA | |
| 650 | 4 | _aHISTORIA Y ESTUDIOS CONEXOS | |
| 650 | 4 | _aRELIGION | |
| 650 | 4 | _aVIDA CULTURAL | |
| 650 | 4 | _aVIDA SOCIAL | |
| 651 | 4 | _aGrecia | |
| 800 | 1 |
_aTraversoni, Alfredo _edirector |
|
| 942 | _cBK | ||
| 998 | _cCarmen | ||
| 999 |
_c811 _d811 |
||